000 00445nam a2200181Ia 4500
001 4256
005 20260306145742.0
008 260306t2003||||xx |||||||||||||| ||spa||
041 _aESP
082 _a320.1
_bF38 2003
100 _aFerrero Costa, Raúl
_eAUT
245 0 _aTeoría del estado:
_bmateriales de enseñanza
260 _c2003
300 _a531 páginas :
_c24 cm.
650 _aGEN
654 _aCDE
942 _cLIB
_dJUS
_fJUS
_2ddc
_n
999 _c4256
_d4256